Great former chess players - Statistics

General Stats
  • This quiz has been taken 52 times
  • The average score is 3 of 10
Answer Stats
Nationalities Names of the players % Correct
American Paul Morphy
71%
Danish Bent Larsen
53%
Estonian Paul Keres
51%
Argentinian Miguel Najdorf
47%
Ukrainian David Bronstein
29%
Russian Aaron Nimzowitsch
24%
German Adolph Anderssen
24%
Polish Akiba Rubinstein
24%
French François-André Danican Philidor
16%
Swedish Ulf Andersson
8%
No matching quizzes found
Score Distribution
Percent of People with Each Score
Percentile by Number Answered
Your Score History
You have not taken this quiz